George Michael Uk Top 75 Hits - Statistics

General Stats
  • This quiz has been taken 26 times
  • The average score is 16 of 39
Answer Stats
Chart Position Year Featuring Answer % Correct
#1 1984 Careless Whisper
95%
#1 1991 Elton John Don't Let the Sun Go Down on Me
95%
#2 1987 Faith
90%
#11 1988 Father Figure
86%
#1 1987 Aretha Franklin I Knew You Were Waiting
76%
#1 1996 Fastlove
71%
#28 1990 Freedom 90
67%
#1 1996 Jesus to a Child
67%
#1 1986 A Different Corner
62%
#1 1993 Queen Somebody to Love
62%
#13 1988 Monkey
57%
#2 1998 Outside
57%
#6 1990 Praying For Time
57%
#3 1987 I Want Your Sex
52%
#4 1992 Too Funky
48%
#4 2004 Amazing
43%
#4 1999 Mary J Blige As
43%
#18 1988 Kissing A Fool
43%
#3 1997 Older
43%
#2 1997 Star People
38%
#8 1988 One More Try
33%
#2 1996 Spinning The Wheel
33%
#2 1997 You Have Been Loved
33%
#23 1990 Waiting For That Day
29%
#45 1991 Cowboys and Angels
24%
#9 2000 Whitney Houston If I Told You That
19%
#10 1997 Toby Bourke Waltz Away Dreaming
19%
#15 2012 White Light
19%
#8 2004 Flawless (Go To The City)
14%
#31 1991 Heal The Pain
14%
#3 1997 I Can't Make You Love Me
14%
#12 2002 Shoot The Dog
14%
#13 2006 An Easier Affair
5%
#14 2009 December Song
5%
#7 2002 Freeek
5%
#53 2014 Let Her Down Easy
5%
#32 2004 Round Here
5%
#15 2006 Mutya Buena This is Not Real Love
5%
#27 2011 True Faith
5%
No matching quizzes found
Score Distribution
Percent of People with Each Score
Percentile by Number Answered
Your Score History
You have not taken this quiz